000 00380nam a2200157Ia 4500
008 230917s9999||||xx |||||||||||||| ||und||
020 _cRS500
040 _e31913
_aMAIN
041 _aEnglish
082 _a333.913 D536S
100 _aDhawan, B D
245 0 _aStudies in Indian irrigation
260 _aNew Delhi
_bCommonwealth
_c1999
300 _aviii,234 p.
942 _cBK
999 _c103781
_d103781